000 00278nam a22001217a 4500
008 170206b xxu||||| |||| 00| 0 eng d
041 _aeng
080 _a61
100 _a3
101 _aSHM
245 _aTHE GUIDE CLINICAL PREVENTIVE SERVICES
_cCAROLYN CLANCY
942 _2udc
_cBK
999 _c4756
_d4756